Χρονικά των εκδηλώσεων για τα πενήντα χρόνια από το θάνατο του Γεωργίου Δροσίνη : η προσφορά του Δροσίνη στην πνευματική ζωή του τόπου μας

Αποθηκεύτηκε σε:
Λεπτομέρειες βιβλιογραφικής εγγραφής
Άλλοι συγγραφείς: Βάχαρης, Σπύρος (f), Κορκολή, Άννυ Μιχ (Επιμελητής έκδοσης)
Μορφή: Βιβλίο
Γλώσσα:Greek
Δημοσίευση: Αθήνα : Σύλλογος "Οι φίλοι του μουσείου Γ. Δροσίνη", 2003
Σειρά:Οι φίλοι του μουσείου Γ. Δροσίνη = σειρά αυτοτελών εκδόσεων ; ; 7
Θέματα:
Ετικέτες: Προσθήκη ετικέτας
Δεν υπάρχουν, Καταχωρήστε ετικέτα πρώτοι!

MARC

LEADER 00000cam a2200000 i 4500
001 1/51338
008 140708s2003 gre d
020 |a 960-87803-2-2 (set) 
020 |a 960-87803-3-0 (τ.1) 
035 |l 10118313 
040 |a GR-MY-UA  |b gre  |e aacr 
041 0 |a gre 
082 0 |a 809.93384  |2 (23) 
245 1 0 |a Χρονικά των εκδηλώσεων για τα πενήντα χρόνια από το θάνατο του Γεωργίου Δροσίνη :  |b η προσφορά του Δροσίνη στην πνευματική ζωή του τόπου μας /  |c με την φροντίδα και συμμετοχή της προέδρου του συλλόγου κας Ελένης Σπ. Βάχαρη. Ευγενική χορηγία του κ. Σπύρου Βάχαρη ; επιμέλεια κας Άννυ Μιχ. Κορκολή 
260 |a Αθήνα :   |b Σύλλογος "Οι φίλοι του μουσείου Γ. Δροσίνη",   |c 2003 
300 |a (τ.2: 571 σ.);  |c 25 εκ. 
490 1 |a Οι φίλοι του μουσείου Γ. Δροσίνη  |v ; 7 
650 0 0 |a Events (Philosophy) in literature. 
650 0 0 |a Greek literature, Modern  |y 19th century  |x History and criticism. 
700 1 |a Βάχαρη, Ελένη Σπ.  |4 oth 
700 1 |a Βάχαρης, Σπύρος.  |4 f 
700 1 |a Κορκολή, Άννυ Μιχ.  |4 edt 
830 0 |a Οι φίλοι του μουσείου Γ. Δροσίνη = σειρά αυτοτελών εκδόσεων ;  |v ; 7 
852 |a INST  |b CHIOS  |e 20140708  |h 809.93384 ΧΡΟ  |p 005200034553  |q 005200034553  |t BK  |y 0  |z τ.2 
852 |a INST  |b CHIOS  |e 20140708  |h 809.93384 ΧΡΟ  |p 005200034553  |q 005200034553  |t BK  |v τ.2:  |y 0  |z τ.2 
853 |a INST  |b CHIOS  |h 809.93384 ΧΡΟ 
901 |a BIBL2-2014-2 
909 |a Χ  |b 180844 
970 |a ΣΠΕΝΤΖΑ  |b ΕΛΕΝΗ  |z 2014/07/08